000 00958nam a22002297a 4500
005 20170731112449.0
010 _a1617EN ENG-117099
020 _a9780674495272 (v.2)
_c295.00
035 _aB-649497-508
035 _aEN-100631
035 _aB-667289
037 _adpl
_bAakar
082 _a230.1
100 _aTulsidas
245 _aThe Epic of Ram :
_cby Tulsidas, translated by Philip Lutgendorf
_bvolume-2 /
260 _aLondon
_bMurty Classical Library of India
_c2016
300 _axviii,388p. :
_c19cm(pbk)
700 _a Lutgendorf, Philip
942 _2ddc
_cEN
_h230.1
_mTUL
999 _c102235
_d102235